[Event "FRA-chT3 Gr12 0304"]
[Site "Loire"]
[Date "2004.01.18"]
[Round "4.6"]
[White "Abdou Issaka, Boubacar"]
[Black "Molina, David"]
[Result "1-0"]
[WhiteElo "1640"]
[BlackElo "1750"]
[PlyCount "73"]
[EventDate "2003.10.12"]
[EventType "team"]
[EventRounds "9"]
[EventCountry "FRA"]
[SourceTitle "EXT 2008"]
[Source "ChessBase"]
[SourceDate "2007.11.25"]
[SourceVersion "1"]
[SourceVersionDate "2007.11.25"]
[SourceQuality "1"]

1. e4 e6 2. d4 d5 3. Nc3 dxe4 4. Nxe4 Nd7 5. Nf3 Ngf6 6. Bg5 Be7 7. Nxf6+ Bxf6 8. Qd2 Bxg5 9. Qxg5 Qxg5 10. Nxg5 a6 11. f4 h6 12. Nf3 c5 13. 0-0-0 b5 14. Ne5 cxd4 15. Nxd7 Bxd7 16. Rxd4 Bc6 17. Be2 Ke7 18. Rg1 Rhd8 19. Rxd8 Rxd8 20. g3 g5 21. Rf1 f5 22. Rd1 Rxd1+ 23. Kxd1 gxf4 24. gxf4 Kd6 25. Kd2 e5 26. Ke3 Be4 27. Bd3 Kd5 28. Bxe4+ fxe4 29. f5 b4 30. c3 bxc3 31. bxc3 a5 32. c4+ Kd6 33. Kxe4 a4 34. a3 h5 35. h4 Kc5 36. f6 Kd6 37. c5+ 1-0